000 00669cam a2200253 4500
001 2244919
005 20180103074429.0
008 710217s1968 enk b 000 0 eng
010 _a 76535501
015 _aB68-25922
020 _a0701200278
040 _aDLC
_cDLC
_dDLC
041 1 _aenggre
080 _a82 DAL
082 _a82 DAL
100 1 _a21
101 _aGJL
240 1 0 _aPoems.
_lEnglish
245 1 4 _aThe complete poems of C. P. Cavafy;
_ctranslated by Rae Dalven, with an introduction by W. H. Auden.
350 _a15/-
504 _aBibliography: p. 233-234.
906 _a7
_bcbc
_corignew
_d4
_encip
_f19
_gy-gencatlg
942 _2ddc
_cBK
999 _c39643
_d39643